| 000 | 00764nam a22002171i 4500 | ||
|---|---|---|---|
| 001 | 000030495 | ||
| 003 | RuMoIPM | ||
| 005 | 20260506120459.0 | ||
| 008 | 130115s1973----ru | c rus | ||
| 040 |
_aRuMoIPM _brus _ercr |
||
| 041 | 0 | _arus | |
| 080 | _a51(07) | ||
| 100 | 1 | _aСахарников, Николай Алексеевич | |
| 245 | 1 |
_aВысшая математика _b[учебное пособие для ун-тов] _cН. А. Сахарников |
|
| 260 |
_aЛенинград _bИзд-во ЛГУ _c1973 |
||
| 300 |
_a472 с. _bчерт. |
||
| 500 | _aВ надзаг.: Ленингр. гос. ун-т им. А. А. Жданова | ||
| 504 | _aПредм. указ.: с. 461-467 | ||
| 504 | _aБиблиогр.: с. 461 | ||
| 942 | _cBK | ||
| 999 |
_c30495 _d30495 |
||